Recruitment handbook (Record no. 38403)

MARC details
000 -LEADER
fixed length control field 00290nam a2200121Ia 4500
082 ## - DEWEY DECIMAL CLASSIFICATION NUMBER
Classification number 658.311(035)
Item number UNG
245 #0 - TITLE STATEMENT
Title Recruitment handbook
250 ## - EDITION STATEMENT
Edition statement Ed.3
260 ## - PUBLICATION, DISTRIBUTION, ETC. (IMPRINT)
Place of publication England
Name of publisher Gower
Year of publication 1975
700 ## - ADDED ENTRY--PERSONAL NAME
Personal name Ungerson, Bernard
942 ## - ADDED ENTRY ELEMENTS (KOHA)
Koha item type Books
Holdings
Withdrawn status Lost status Damaged status Not for loan Home library Current library Date acquired Cost, normal purchase price Full call number Accession Number Koha item type
        RRII Library RRII Library 16/12/2021 483.60 658.311(035) UNG 18762 Books